[Event "Hyeres op"]
[Site "Hyeres"]
[Date "2013.02.24"]
[Round "3"]
[White "Joie, Sebastien"]
[Black "Penloup, Dominique"]
[Result "1-0"]
[WhiteElo "2336"]
[BlackElo "1845"]
[PlyCount "69"]
[EventDate "2013.02.16"]
[EventType "swiss"]
[EventRounds "9"]
[EventCountry "FRA"]
[SourceTitle "EXT 2024"]
[Source "ChessBase"]
[SourceDate "2023.10.10"]
[SourceVersion "1"]
[SourceVersionDate "2023.10.10"]
[SourceQuality "1"]

1. Nf3 f5 2. d3 e6 3. e4 fxe4 4. dxe4 Nf6 5. Bd3 Be7 6. Nc3 Nc6 7. e5 Nd5 8. Nxd5 exd5 9. c4 dxc4 10. Bxc4 d6 11. Qd5 Rf8 12. Bb5 dxe5 13. Qxd8+ Kxd8 14. Bxc6 bxc6 15. Nxe5 Bb7 16. 0-0 Bd6 17. Bg5+ Kc8 18. Nc4 Ba6 19. Rfc1 Kd7 20. Be3 Rf5 21. b3 Bb5 22. Bd4 g6 23. Ne3 Rh5 24. h3 c5 25. Bb2 Re8 26. Rc2 Bc6 27. Ng4 Be7 28. Ne5+ Kd6 29. Rd1+ Bd5 30. Nd3 Kc6 31. Ne5+ Kd6 32. b4 Rxe5 33. bxc5+ Ke6 34. Bxe5 Kxe5 35. Re2+ 1-0

[Event "Hyeres op"]
[Site "Hyeres"]
[Date "2013.02.24"]
[Round "4"]
[White "Penloup, Dominique"]
[Black "Rodrigues, Emmanuel"]
[Result "1/2-1/2"]
[WhiteElo "1845"]
[BlackElo "2178"]
[PlyCount "156"]
[EventDate "2013.02.16"]
[EventType "swiss"]
[EventRounds "9"]
[EventCountry "FRA"]
[SourceTitle "EXT 2024"]
[Source "ChessBase"]
[SourceDate "2023.10.10"]
[SourceVersion "1"]
[SourceVersionDate "2023.10.10"]
[SourceQuality "1"]

1. e4 Nc6 2. Bc4 e5 3. Nc3 Nf6 4. d3 Bc5 5. Bg5 h6 6. Bh4 d6 7. Na4 Bb6 8. Nxb6 axb6 9. f3 Qe7 10. Ne2 Be6 11. 0-0 Bxc4 12. dxc4 Qe6 13. b3 Ne7 14. Nc3 g5 15. Bf2 0-0 16. Qd2 Kh7 17. Be3 Rg8 18. a4 Ng6 19. Nd5 Nxd5 20. Qxd5 Qxd5 21. cxd5 Ra6 22. Rad1 Rga8 23. Rd3 Kg7 24. Rc3 Rc8 25. Rd1 Kf8 26. Rc4 Ke7 27. g3 Kd7 28. Kg2 Rf8 29. Rd3 Raa8 30. Rdc3 Rac8 31. Bg1 Ne7 32. g4 Ng6 33. Be3 Rh8 34. h3 Nf4+ 35. Bxf4 exf4 36. Rb4 Rb8 37. Rbc4 Rhc8 38. Kf2 Ra8 39. Kg2 Ra5 40. h4 Rc5 41. Rxc5 bxc5 42. h5 Ra8 43. Kf2 Ke7 44. Ke2 Kf6 45. Kd3 Ke5 46. Kc4 Ra6 47. Rd3 Ra5 48. Rd1 Kf6 49. Rd2 Ke7 50. Rd1 Kd7 51. Rd2 f6 52. Rd1 Ra8 53. Kb5 Ra6 54. Kc4 Rb6 55. c3 Ra6 56. Rd2 Ra5 57. Rd1 b5+ 58. axb5 Ra2 59. Rd3 Kc8 60. b4 cxb4 61. Kxb4 Rb2+ 62. Ka4 Kb7 63. c4 Kb6 64. Ka3 Rb1 65. Ka2 Re1 66. Kb3 Kc5 67. Kc2 Re2+ 68. Kb3 Re1 69. Kc2 Re2+ 70. Kb3 Rf2 71. Kc3 Rf1 72. Kb2 Kb4 73. Rb3+ Kc5 74. Rd3 Re1 75. Kc2 Re3 76. Kc3 Re1 77. Kc2 Re2+ 78. Kb3 Re3 1/2-1/2

[Event "Hyeres op"]
[Site "Hyeres"]
[Date "2013.02.18"]
[Round "6"]
[White "Scheidegger, Claude"]
[Black "Penloup, Dominique"]
[Result "0-1"]
[WhiteElo "1725"]
[BlackElo "1845"]
[PlyCount "58"]
[EventDate "2013.02.16"]
[EventType "swiss"]
[EventRounds "9"]
[EventCountry "FRA"]
[SourceTitle "EXT 2024"]
[Source "ChessBase"]
[SourceDate "2023.10.10"]
[SourceVersion "1"]
[SourceVersionDate "2023.10.10"]
[SourceQuality "1"]

1. e4 c5 2. Nf3 e6 3. d4 cxd4 4. Nxd4 Nf6 5. Nc3 Nc6 6. Be3 Bb4 7. Bd3 d5 8. Nxc6 bxc6 9. exd5 cxd5 10. a3 Bxc3+ 11. bxc3 Qc7 12. Bb5+ Bd7 13. Bxd7+ Nxd7 14. 0-0 0-0 15. Qd2 Rfc8 16. Bd4 e5 17. Be3 Nf6 18. f4 Qxc3 19. fxe5 Qxd2 20. Bxd2 Ne4 21. Be3 Rxc2 22. Rad1 Rc3 23. Bd4 Rb3 24. Rc1 Rd3 25. Bxa7 Nc3 26. Rfe1 Rxa7 27. e6 fxe6 28. Rxe6 Rd1+ 29. Rxd1 Nxd1 0-1

[Event "Hyeres op"]
[Site "Hyeres"]
[Date "2013.02.16"]
[Round "1"]
[White "Penloup, Dominique"]
[Black "Benda, Thierry"]
[Result "0-1"]
[WhiteElo "1845"]
[BlackElo "1676"]
[PlyCount "94"]
[EventDate "2013.02.16"]
[EventType "swiss"]
[EventRounds "9"]
[EventCountry "FRA"]
[SourceTitle "EXT 2024"]
[Source "ChessBase"]
[SourceDate "2023.10.10"]
[SourceVersion "1"]
[SourceVersionDate "2023.10.10"]
[SourceQuality "1"]

1. e4 d5 2. exd5 Nf6 3. Nc3 Nxd5 4. Bc4 c6 5. Qf3 e6 6. Nge2 Nd7 7. d4 Be7 8. 0-0 N7f6 9. Bg5 0-0 10. Rad1 b5 11. Bb3 Bb7 12. Nxd5 exd5 13. c3 Bc8 14. h3 Ne4 15. Bxe7 Qxe7 16. Bc2 Nf6 17. Ng3 g6 18. Rde1 Qd6 19. Re3 Bd7 20. Rfe1 Rae8 21. a3 Rxe3 22. Rxe3 Re8 23. Rxe8+ Nxe8 24. Qe3 Qf6 25. Bd3 Nd6 26. Qe5 Qe6 27. f4 f6 28. Qxe6+ Bxe6 29. Kf2 Kf7 30. Ke3 h6 31. h4 h5 32. b3 Bg4 33. Bc2 a5 34. Kd2 Bd7 35. Bd3 Bf5 36. Nxf5 Nxf5 37. Bxf5 gxf5 38. Kd3 Ke6 39. a4 bxa4 40. b4 axb4 41. cxb4 Kd6 42. Kc3 Kc7 43. Kb2 Kb6 44. Kc3 Kb5 45. g3 a3 46. Kb3 a2 47. Kxa2 Kxb4 0-1